Edgar Allan Poe
Gespeichert in:
| 1. Verfasser: | |
|---|---|
| Format: | Buch |
| Sprache: | Englisch |
| Veröffentlicht: |
Nueva York
Washington Square Press
1969
|
| Schlagworte: | |
| Tags: |
Tag hinzufügen
Keine Tags, Fügen Sie den ersten Tag hinzu!
|
MARC
| LEADER | 00000nam a2200000 a 4500 | ||
|---|---|---|---|
| 001 | UCQ4351 | ||
| 003 | CL-VaPUC | ||
| 008 | 980904e19690000US |||||||||||||||||eng|d | ||
| 082 | 0 | 4 | |a 813.9 |b POR |2 21 |
| 100 | 0 | |a Porges, Irwin |e author |9 418595 | |
| 245 | 1 | 0 | |a Edgar Allan Poe |
| 300 | |a 146 p | ||
| 942 | |c BK | ||
| 945 | |d 19980904 00:00:00 |a crobeson | ||
| 260 | |a Nueva York |b Washington Square Press |c 1969 | ||
| 600 | 0 | |a Poe, Edgar Allan |9 313715 | |
| 650 | 7 | |a NOVELA ESTADOUNIDENSE |2 CL-VaPUC |9 266286 | |
| 650 | 0 | |a Literatura estadounidense |9 317168 | |
| 650 | 0 | |a Crítica e interpretación |9 255042 | |
| 583 | |a last modification |c 19980904 00:00:00 |k Rodrigo Vera | ||
| 999 | |c 274735 |d 274733 | ||
| 952 | |0 0 |1 0 |4 0 |6 813_900000000000000_POR_1969 |7 0 |8 A |9 311033 |a BIBEDU |b BIBEDU |d 2019-11-20 |i 1463209 |o 813.9 POR 1969 |p 1463209 |r 2019-11-20 |w 2019-11-20 |y BK |k LIT | ||
| 952 | |0 0 |1 0 |4 0 |6 813_900000000000000_POR_1969 |7 0 |8 A |9 311034 |a BIBEDU |b BIBEDU |d 2019-11-20 |i 1467433 |l 1 |o 813.9 POR 1969 |p 1467433 |r 2022-09-15 |s 2022-08-29 |w 2019-11-20 |y BK |k LIT | ||